Načítá se...

Iraq Aakramanathinte Ativerukal (M)

Podrobná bibliografie
Hlavní autor: Bahauddin, K M
Médium: Printed Book
Jazyk:Undetermined
Vydáno: Kottayam : DC Books, 2007
Vydání:2 ed.
Témata:
LEADER 00500nam a2200145Ia 4500
008 200324s9999 xx 000 0 und d
100 |a Bahauddin, K M 
245 0 |a Iraq Aakramanathinte Ativerukal (M) 
250 |a 2 ed. 
260 |a Kottayam :  |b DC Books,  |c 2007 
300 |a 200p. 
650 |a Terrorism-- Palastine-- Juthar-- Sayanism-- South Asia-- Israel-- Iraq-- Afghanistan 
942 |c BK 
999 |c 281166  |d 281166 
952 |0 0  |1 0  |4 0  |7 0  |9 299712  |a SDE  |b SDE  |d 2009-09-12  |l 0  |p SDE16833  |r 2020-03-27  |w 2020-03-27  |y BK